[Event "Oberliga Wuerttemberg 0102"]
[Site "Wuerttemberg"]
[Date "2001.??.??"]
[Round "1"]
[White "Tannhaeuser, Patrick"]
[Black "Koppenhoefer, Bernhard"]
[Result "0-1"]
[WhiteElo "1901"]
[BlackElo "1992"]
[PlyCount "84"]
[EventDate "2001.10.01"]
[EventType "team-tourn"]
[EventRounds "9"]
[EventCountry "GER"]
[SourceTitle "EXT 2019"]
[Source "ChessBase"]
[SourceDate "2018.10.10"]
[SourceVersion "1"]
[SourceVersionDate "2018.10.10"]
[SourceQuality "1"]
[WhiteTeam "Schwaebisch Gmuend"]
[BlackTeam "Tuebingen"]
[WhiteTeamCountry "GER"]
[BlackTeamCountry "GER"]

1. d4 Nf6 2. c4 g6 3. Nc3 d5 4. cxd5 Nxd5 5. e4 Nxc3 6. bxc3 Bg7 7. Bc4 c5 8. Ne2 0-0 9. Be3 Nc6 10. 0-0 Qc7 11. Qc1 Rd8 12. Rd1 a6 13. a4 Na5 14. Ba2 Bd7 15. Qa3 cxd4 16. cxd4 Nc4 17. Qxe7 Bf8 18. Qf6 Bxa4 19. Rdc1 Qd6 20. Qxd6 Nxd6 21. Bxf7+ Kxf7 22. Rxa4 b5 23. Rc7+ Kg8 24. Ra5 Nxe4 25. Rc6 Rd6 26. Rxd6 Nxd6 27. Nf4 Nc4 28. Ra1 a5 29. Ne6 Bd6 30. Bf4 Bxf4 31. Nxf4 b4 32. Nd5 b3 33. Nc3 b2 34. Ra4 Rb8 35. Kf1 Rb4 36. Rxb4 axb4 37. Nb1 Na3 38. Nd2 b3 39. Ke2 b1Q 40. Nxb1 Nxb1 41. Kd1 Na3 42. Kc1 Nc4 0-1

[Event "Oberliga Wuerttemberg 9900"]
[Site "Wuerttemberg"]
[Date "2000.04.09"]
[Round "?"]
[White "Pohl, Walter"]
[Black "Koppenhoefer, Bernhard"]
[Result "1/2-1/2"]
[WhiteElo "2082"]
[BlackElo "2193"]
[PlyCount "55"]
[EventDate "1999.??.??"]
[EventType "team"]
[EventRounds "9"]
[EventCountry "GER"]
[SourceTitle "EXT 2005"]
[Source "ChessBase"]
[SourceDate "2004.11.15"]
[SourceVersion "1"]
[SourceVersionDate "2004.11.15"]
[SourceQuality "1"]

1. d4 Nf6 2. Nf3 g6 3. c4 Bg7 4. Nc3 d5 5. Bg5 Ne4 6. Bh4 Nxc3 7. bxc3 c5 8. e3 Nc6 9. cxd5 Qxd5 10. Be2 cxd4 11. cxd4 0-0 12. 0-0 Bf5 13. Qa4 Rac8 14. Rac1 a6 15. Rc5 Qd7 16. Qb3 b5 17. Rfc1 e5 18. dxe5 Nxe5 19. Rd1 Rxc5 20. Rxd7 Nxd7 21. h3 Rc2 22. Bd1 Rc3 23. Qb4 Rc1 24. Qd2 Rb1 25. Kh2 Nc5 26. Nd4 Be5+ 27. f4 Bxd4 28. Qxd4 1/2-1/2